Protokol dan etiket

Bibliographic Details
Main Author: Mokhtar Mohd Tohar
Corporate Author: Institut Tadbiran Awam Negara
Format: Book
Published: Kuala Lumpur : INTAN , 1993
Subjects:

MARC

LEADER 00000cam a2200000 7i4500
001 0000002411
002 000002627
005 20000330.0
020 |a 9679933393 
090 0 0 |a 327.209595   |b MOK 
100 0 |a Mokhtar Mohd Tohar 
245 1 0 |a Protokol dan etiket   |c Mokhtar Mohd Tohar 
260 |a Kuala Lumpur :   |b INTAN ,   |c 1993 
300 |a 345 p. ;   |c 21 cm. 
650 0 0 |a Government etiquette   |z Malaysia 
710 2 |a Institut Tadbiran Awam Negara 
999 |a 036042   |b BUKU   |c MALAYSIANA   |e PERPUSTAKAAN KOMUNITI PETALING JAYA 
999 |a 036043   |b BUKU   |c PINJAMAN   |e PERPUSTAKAAN KOMUNITI PETALING JAYA 
999 |a 036044   |b BUKU   |c PINJAMAN   |e PERPUSTAKAAN KOMUNITI PETALING JAYA 
999 |a 036045   |b BUKU   |c PINJAMAN   |e PERPUSTAKAAN KOMUNITI PETALING JAYA 
999 |a 036046   |b BUKU   |c MALAYSIANA   |e PERPUSTAKAAN KOMUNITI PETALING JAYA 
999 |a 036710   |b BUKU   |c MALAYSIANA   |e PERPUSTAKAAN KOMUNITI PETALING JAYA